Top 99 NBA Players 2025-2026 - Statistics

General Stats
  • This quiz has been taken 162 times
  • The average score is 82 of 99
Answer Stats
Hint Answer % Correct
Spurs Victor Wembanyama
100%
Timberwolves Anthony Edwards
99%
Bucks Giannis Antetokounmpo
99%
Clippers Kawhi Leonard
99%
Lakers Luka Doncic
99%
Nuggets Nikola Jokic
99%
Thunder Shai Gilgeous-Alexander
99%
Warriors Stephen Curry
99%
Lakers Austin Reaves
98%
Pistons Cade Cunningham
98%
Cavaliers Donovan Mitchell
98%
Nuggets Jamal Murray
98%
Cavaliers James Harden
98%
Celtics Jaylen Brown
98%
76ers Joel Embiid
98%
Lakers LeBron James
98%
76ers Tyrese Maxey
98%
Heat Bam Adebayo
97%
Thunder Chet Holmgren
97%
Knicks Jalen Brunson
97%
Pistons Jalen Duren
97%
Knicks Karl-Anthony Towns
97%
Thunder Jalen Williams
96%
Rockets Kevin Durant
96%
Suns Mark Williams
96%
Pacers Pascal Siakam
96%
Raptors Scottie Barnes
96%
Rockets Alperen Sengun
95%
Suns Devin Booker
95%
Cavaliers Evan Mobley
95%
Hornets LaMelo Ball
95%
Magic Paolo Banchero
95%
Mavericks Cooper Flagg
94%
Timberwolves Rudy Gobert
94%
Spurs De'Aaron Fox
93%
Magic Franz Wagner
93%
Hawks Jalen Johnson
93%
Jazz Lauri Markkanen
93%
Pelicans Zion Williamson
93%
Timberwolves Julius Randle
92%
Nets Michael Porter Jr.
92%
Wizards Trae Young
92%
Hornets Coby White
90%
Trailblazers Deni Avdija
90%
Celtics Derrick White
90%
Rockets Amen Thompson
89%
Pistons Ausar Thompson
89%
Cavaliers Jarrett Allen
89%
Heat Tyler Herro
89%
Knicks Josh Hart
88%
Raptors Brandon Ingram
87%
Kings Domantas Sabonis
86%
Nuggets Aaron Gordon
85%
Knicks Mikal Bridges
85%
Spurs Stephon Castle
85%
Wizards Anthony Davis
84%
Warriors Draymond Green
84%
Jazz Keyonte George
84%
76ers Paul George
84%
Knicks OG Anunoby
83%
Thunder Isaiah Hartenstein
81%
Jazz Jaren Jackson Jr.
79%
Warriors Jimmy Butler
79%
Clippers Darius Garland
78%
Kings DeMar DeRozan
78%
Grizzlies Ja Morant
77%
Bulls Josh Giddey
77%
Magic Desmond Bane
76%
Timberwolves Jaden McDaniels
75%
Celtics Payton Pritchard
75%
Kings Zach LaVine
75%
Suns Dillon Brooks
74%
Pacers Andrew Nembhard
73%
Hornets Brandon Miller
73%
Magic Jalen Suggs
73%
Hornets Kon Knueppel
73%
Pelicans Trey Murphy III
72%
Thunder Alex Caruso
71%
Hawks Dyson Daniels
70%
Pacers Ivica Zubac
70%
Bucks Myles Turner
70%
Heat Norman Powell
70%
Wizards Alex Sarr
69%
Spurs Devin Vassell
68%
Hawks Nickeil Alexander-Walker
67%
Timberwolves Naz Reid
66%
Raptors RJ Barrett
66%
Raptors Immanuel Quickley
61%
Trailblazers Jrue Holiday
61%
Nets Nic Claxton
59%
Heat Andrew Wiggins
57%
76ers VJ Edgecombe
57%
Hawks Onyeka Okongwu
56%
Thunder Cason Wallace
52%
Magic Anthony Black
50%
Rockets Reed Sheppard
48%
Nuggets Peyton Watson
47%
Rockets Tari Eason
47%
Trailblazers Toumani Camara
45%
No matching quizzes found
Score Distribution
Percent of People with Each Score
Percentile by Number Answered
Your Score History
You have not taken this quiz